Visualizzazione normale
Vista MARC
- Centro Internazionale Studi Famiglia (a cura di)
di Personal Name
Records bibliografici associati: 2
001 - CONTROL NUMBER
- control field: 56713
003 - CONTROL NUMBER IDENTIFIER
- control field: IT-RoPau
005 - DATE AND TIME OF LATEST TRANSACTION
- control field: 20180109111218.0
008 - FIXED-LENGTH DATA ELEMENTS
- fixed length control field: 180109|| aca||aabn | a|a d
040 ## - CATALOGING SOURCE
- Original cataloging agency: IT-RoPau
- Transcribing agency: IT-RoPau
100 ## - HEADING--PERSONAL NAME
- Personal name: Centro Internazionale Studi Famiglia (a cura di)
670 ## - SOURCE DATA FOUND
- Source citation: Work cat.: (IT-RoPau): Centro Internazionale Studi Famiglia (a cura di), Le relazioni familiari nell'era delle reti digitali, 2017